Priestorová a urbanistická ekonomika semináre

Enregistré dans:
Détails bibliographiques
Auteur principal: Buček, Milan
Collectivité auteur: Vysoká škola ekonomická v Bratislave. Národohospodárska fakulta
Format: Livre
Langue:slovaque
Publié: Bratislava Vysoká škola ekonomická 1986
Tags: Ajouter un tag
Pas de tags, Soyez le premier à ajouter un tag!

MARC

LEADER 00000nam a2200000 4500
001 c105133
005 20230116121402.4
041 0 |a slo 
044 |a SK 
245 1 0 |a Priestorová a urbanistická ekonomika  |b semináre  |c Milan Buček 
264 1 |a Bratislava  |b Vysoká škola ekonomická  |c 1986 
300 |a 164 s. 
100 1 |a Buček, Milan 
710 2 |a Vysoká škola ekonomická v Bratislave. Národohospodárska fakulta